| 000 | 00384nam a22001337a 4500 | ||
|---|---|---|---|
| 020 | _a9781849730532 | ||
| 082 |
_a623.83436 _bQUE / WA |
||
| 245 | _aThe Water Framework Directive: Action Programmes and Adaption to Climate Change | ||
| 260 |
_aCambridge _bRSC Publishing _c2011 |
||
| 300 | _a214 | ||
| 700 |
_aQuevauviller,Philippe _9971 |
||
| 700 |
_aBorchers,Ulrich _9972 |
||
| 942 | _cBK | ||
| 999 |
_c14560 _d14560 |
||